000 01044cam a22003257a 4500
003 CHAP
005 20220329140142.0
008 971013s1988 r 00010 d
010 _a47750
011 _a48722
035 _a52868
040 _cCHAP
090 _aFolleto 14515
100 0 0 _aMartínez Téllez, Jaime J.
_972553
245 1 3 _aEl cultivo del almendro
260 _aHermosillo, Son. :
_bINIFAP. Campo Experimental Costa de Hermosillo,
_c1988
300 _a20 p.
490 0 _aINIFAP. Folleto técnico
_v; 4
590 _aBATCH-UPD
_b10
_c20130110
_lUCH01
_h0322
590 _aBATCH-UPD
_b10
_c20130110
_lUCH01
_h2119
590 _aBATCH-UPD
_b10
_c20130409
_lUCH01
_h2354
590 _aBATCH-UPD
_b10
_c20130914
_lUCH01
_h1644
590 _aCONVERSION
_b10
_c20130109
_lUCH01
_h1326
650 1 4 _aAlmendro.
_94517
830 0 _aINIFAP. Folleto técnico
_v; 4
_958720
901 _aBK
942 _cFOLL
949 _aFolleto 14515
_bBC
_cFOLL
_d-117496
_eTS1
_i52868
_si
949 _aFolleto 14515
_bBC
_cFOLL
_d-117497
_eTS2
_fc.2
_i52868
_si
999 _c47750
_d47750